00240nam a2200085Ia 4500008004100000041000800041100002500049245004500074260003500119241105s9999 xx 000 0 und d aeng aRangarajan Bhaavvyaa aAffordable Housing An Inclusive Approach bFinal Year B. Arch, BNCAc2014